LEADER 01932oas 2200841 a 450 001 9910770282703321 005 20260218111337.0 035 $a(DE-599)ZDB2515983-5 035 $a(OCoLC)456225681 035 $a(CONSER) 2011204079 035 $a(CKB)1000000000703040 035 $a(DE-599)2515983-5 035 $a(EXLCZ)991000000000703040 100 $a20091007a20099999 sy a 101 0 $aeng 135 $aur||||||||||| 181 $ctxt$2rdacontent 182 $cc$2rdamedia 183 $acr$2rdacarrier 200 00$aProcedia chemistry 210 $a[Amsterdam] $cElsevier 300 $aRefereed/Peer-reviewed 300 $aProceedings from different conferences. 311 08$a1876-6196 517 1 $aChemistry 606 $aChemistry$vCongresses 606 $aChemistry 606 $aChimie$vCongre?s 606 $achemistry$2aat 606 $aChemistry$2fast 608 $aPeriodicals$2fast 608 $aConference papers and proceedings$2fast 615 0$aChemistry 615 2$aChemistry. 615 6$aChimie 615 7$achemistry. 615 7$aChemistry 676 $a540 P963 [ONLINE] 712 02$aScienceDirect (Online service) 801 0$bQE2 801 1$bQE2 801 2$bOH1 801 2$bOCLCQ 801 2$bCUS 801 2$bDLC 801 2$bOCLCQ 801 2$bCNNAI 801 2$bOCLCF 801 2$bOCLCQ 801 2$bOCL 801 2$bOCLCQ 801 2$bUAB 801 2$bLND 801 2$bOCLCQ 801 2$bVT2 801 2$bU3W 801 2$bOCLCQ 801 2$bCRU 801 2$bWYU 801 2$bOCLCQ 801 2$bOCL 801 2$bWURST 801 2$bOCLCO 801 2$bUUM 801 2$bOCLCO 801 2$bOCLCQ 801 2$bOCLCL 801 2$bOCLCO 801 2$bOCLCQ 906 $aJOURNAL 912 $a9910770282703321 996 $aProcedia chemistry$91890665 997 $aUNINA